|
|
|
|
| LEADER |
01481nam a2200325 i 4500 |
| 001 |
36282 |
| 003 |
BD-DhAAL |
| 005 |
20211130114830.0 |
| 008 |
190926t1974 ilua b 001 0 eng d |
| 999 |
|
|
|c 41427
|d 41427
|
| 010 |
|
|
|a 75318971
|
| 020 |
|
|
|c $10.00
|
| 040 |
|
|
|a DLC
|c DLC
|d DLC
|d BD-DhAAL
|
| 050 |
0 |
0 |
|a LB5
|b .N25 73d, pt. 1
|a LB1028.3
|
| 082 |
0 |
0 |
|a 371.3078
|
| 245 |
0 |
0 |
|a Media and symbols :
|b the forms of expression, communication, and education /
|c edited by David R. Olson.
|
| 260 |
|
|
|a Chicago :
|b National Society for the Study of Education : distributed by the University of Chicago Press,
|c 1974.
|
| 300 |
|
|
|a xvii, 508, viii pages :
|b illustrations ;
|c 24 cm.
|
| 490 |
1 |
|
|a Yearbook of the National Society for the Study of Education ; new ser., 73d, pt. 1
|
| 504 |
|
|
|a Includes bibliographical references and index.
|
| 526 |
|
|
|a BIED
|
| 541 |
|
|
|a Complimentary copy from BIED
|e 36282
|
| 650 |
|
0 |
|a Educational technology.
|9 35373
|
| 650 |
|
0 |
|a Communication in education.
|9 35374
|
| 650 |
|
0 |
|a Mass media.
|9 35375
|
| 700 |
1 |
|
|a Olson, David R.,
|d 1935-
|9 35376
|
| 830 |
|
0 |
|a Yearbook of the National Society for the Study of Education ;
|v new ser., 73d, pt. 1.
|9 35377
|
| 852 |
|
|
|a Ayesha Abed Library
|c BIED Collection
|
| 942 |
|
|
|2 ddc
|c BK
|
| 952 |
|
|
|0 0
|1 0
|2 ddc
|4 0
|6 371_307800000000000_MED
|7 0
|9 66526
|a BRACUL
|b BRACUL
|c GEN
|d 2019-09-26
|e Complimentary copy from BIED
|l 0
|o 371.3078 MED
|p 3010036282
|r 2019-09-26
|t 1
|w 2019-09-26
|y BK
|x Transferred from BIED to General Stacks
|